Top 10 Boston Celtics Points Leader - Statistics

General Stats
  • This quiz has been taken 651 times
    7 since last reset
  • The average score is 9 of 10
Answer Stats
Rank Player Years Points % Correct
10 Jaylen Brown 2016- 13 474
100%
9 Jayson Tatum 2017- 14 132
100%
1 John Havlicek 1962-1978 26 395
100%
5 Kevin McHale 1980-1993 17 335
100%
3 Larry Bird 1979-1992 21 791
100%
2 Paul Pierce 1998-2013 24 021
100%
8 Bill Russell 1956-1969 14 522
86%
4 Robert Parish 1980-1994 18 245
86%
6 Bob Cousy 1950-1963 16 955
71%
7 Sam Jones 1957-1969 15 411
43%
No matching quizzes found
Score Distribution
Percent of People with Each Score
Percentile by Number Answered
Your Score History
You have not taken this quiz since the last reset